00389nam a2200121 a 450000100100000000500170001000800410002704000250006810000270009324500680012026000590018830000200024700003923820201002031546.0130617s1966 uy 000 0 spa d aDO-SdBNPbspacBNPHU1 aValera Benitez, Rafael13aLa luz descalza y elegias (1956-1963) /cRafael Valera Benitez. aMontevideo, Uruguay :bCorporación Gráfica,c1966. a73 p. ;c21 cm.